000 00774cam a2200241 4500
001 B2281
008 090401t1988 xxu||||| |||| 00| 0 eng d
022 _a1369-5630
035 _a(Sirsi) u49080
041 _aeng
050 _a692.8
_c18
090 _aRICS 1988/57 ABCD
110 _aRoyal Institution of Chartered Surveyors
_bJunior Organisation Quantity Surveyors Divisional Committee
_94445
245 _aJO (QS) survey of contracts in use in 1987
250 _a3rd ed.
260 _aLondon
_bRoyal Institution of Chartered Surveyors
_c1988
300 _a11p.
_c30cm.
490 _aContracts in Use
_v1987
690 _aBUILT ENVIRONMENT-BUILDING CONTRACT FORMS
710 _aRoyal Institution of Chartered Surveyors
_94900
942 _n0
948 _c04/03/1997
999 _c92483
_d92483